Fr. Conceicao Rodrigues College of Engineering

C:the complete reference (Record no. 22872)

MARC details
000 -LEADER
fixed length control field 00321nam a2200145Ia 4500
100 ## - MAIN ENTRY--PERSONAL NAME
Personal name Schildt/ Herbert
250 ## - EDITION STATEMENT
Edition statement 2
245 ## - TITLE STATEMENT
Title C:the complete reference
260 ## - PUBLICATION, DISTRIBUTION, ETC.
Name of publisher, distributor, etc. Tata Mc Graw hill
Place of publication, distribution, etc. New York
Date of publication, distribution, etc. 1998
300 ## - PHYSICAL DESCRIPTION
Extent 671
546 ## - LANGUAGE NOTE
Language note ENGLISH
654 ## - SUBJECT ADDED ENTRY--FACETED TOPICAL TERMS
Focus term C:the complete reference
942 ## - ADDED ENTRY ELEMENTS (KOHA)
Koha item type BOOK
Holdings
Withdrawn status Lost status Damaged status Not for loan Collection Home library Current library Date acquired Total Checkouts Full call number Barcode Date due Date last seen Date last checked out Price effective from Koha item type
        CRC Fr. Agnel's C.Rodrigues College of Engineering Fr. Agnel's C.Rodrigues College of Engineering 17/03/2023 2 10410 12/05/2024 12/02/2024 12/02/2024 17/03/2023 BOOK